| 000 | 01336 a2200181 4500 | ||
|---|---|---|---|
| 020 | _a0324202989 (hardcover) | ||
| 020 | _a9780324202984 (hardcover) | ||
| 082 | 0 | 4 | _a332.1068 |
| 090 |
_c4046 _d4046 |
||
| 100 | 1 | _aGup, Benton E. | |
| 245 | 1 | 4 |
_aThe new basel capital accord / _cBenton E. Gup. |
| 250 | _a1st ed. | ||
| 260 |
_a[S.l.] : _bSouth-Western Educational Pub, _c2004. |
||
| 300 |
_a462 p. ; _c24 cm. |
||
| 520 | _aBecoming operational in 2007, the Basel Capital Accord initiative is an effort to bring order to international capital markets and level the playing field for banks. Bottom line, officials hope to align capital with the risks faced by banks. However, despite the worldwide endorsements by regulators, the Accord may not be the "sure thing" everyone hopes it will be. It is very costly to implement and is not suitable for all banks. The question remains, though: Will it succeed? Gathering perspectives from the top minds in the field of international banking and finance, Gup's intriguing book The New Basel Capital Accord offers authoritative, provocative, and practical discussion and analysis of the impact of the Accord and discusses new opportunities for regulatory arbitrage. | ||
| 856 | 4 | 0 |
_3Amazon.com _uhttp://www.amazon.com/exec/obidos/ASIN/0324202989/chopaconline-20 |
| 942 |
_aNBS _cBK _k332.1068 GUP |
||
| 999 |
_c346503 _d346503 |
||